[Event "Istanbul op-B"]
[Site "Istanbul"]
[Date "2018.09.04"]
[Round "4"]
[White "Topsir, Furkan"]
[Black "Eryilmaz, Emre"]
[Result "1-0"]
[WhiteElo "1550"]
[BlackElo "1432"]
[PlyCount "67"]
[EventDate "2018.09.02"]
[EventType "swiss"]
[EventRounds "9"]
[EventCountry "TUR"]
[SourceTitle "CBM 186 Extra"]
[Source "ChessBase"]
[SourceDate "2018.08.24"]
[SourceVersion "1"]
[SourceVersionDate "2018.08.24"]
[SourceQuality "1"]

1. d4 d5 2. c4 c6 3. Nf3 Nf6 4. Nc3 e6 5. e3 Bb4 6. Qc2 0-0 7. a3 Bxc3+ 8. bxc3 dxc4 9. Bxc4 b6 10. e4 Nbd7 11. Bd3 h6 12. 0-0 Bb7 13. c4 c5 14. d5 exd5 15. cxd5 Qc7 16. Bb2 Rfe8 17. Rfe1 Ng4 18. Qc3 f6 19. h3 Nge5 20. Nxe5 Nxe5 21. Bb5 Red8 22. Qg3 c4 23. Bxe5 fxe5 24. Rac1 Rac8 25. Bxc4 Qd6 26. Be2 Rxc1 27. Rxc1 Rc8 28. Rxc8+ Bxc8 29. Qc3 Bb7 30. Qb4 Qd7 31. Bg4 Qe8 32. Be6+ Kh7 33. Qd6 Ba6 34. Qxe5 1-0

[Event "TUR-chT2"]
[Site "Konya"]
[Date "2017.07.15"]
[Round "9.14"]
[White "Akin, Batikan Aybey"]
[Black "Topsir, Furkan"]
[Result "1-0"]
[WhiteElo "1520"]
[BlackElo "1612"]
[PlyCount "63"]
[EventDate "2017.07.09"]
[EventType "team-swiss"]
[EventRounds "9"]
[EventCountry "TUR"]
[SourceTitle "CBM 179 Extra"]
[Source "ChessBase"]
[SourceDate "2017.08.23"]
[SourceVersion "1"]
[SourceVersionDate "2017.08.23"]
[SourceQuality "1"]
[WhiteTeam "Koycegiz Su Sporlari"]
[BlackTeam "Genclik Giresun"]
[WhiteTeamCountry "TUR"]
[BlackTeamCountry "TUR"]

1. e4 g6 2. d4 Bg7 3. Nf3 d6 4. h3 Nf6 5. Bd3 a6 6. 0-0 0-0 7. c4 e5 8. d5 a5 9. Nc3 Na6 10. Be3 Nd7 11. a3 Nac5 12. Bc2 h6 13. b4 axb4 14. axb4 Rxa1 15. Qxa1 Na6 16. Qa3 f5 17. Na4 f4 18. Bd2 g5 19. c5 h5 20. Nh2 Nf6 21. b5 Nb8 22. cxd6 cxd6 23. Bb4 Ne8 24. Bd1 g4 25. hxg4 hxg4 26. Bxg4 Bxg4 27. Nxg4 Qg5 28. f3 Qg6 29. Nb2 Rf7 30. Qa8 Bf8 31. Qxb8 Rh7 32. Qxe8 1-0